000 00531nam a22001932 4500
001 0000004858
005 20170406120146.0
008 141124s xx 000 0 eng d
020 _c$
040 _aYour Holding Symbol
_cYour Holding Symbol
100 1 _aMacArthur,Robert H.
245 1 0 _aGeography ecology :
_bpatterns in the distrubution of species.
250 _a ed.
260 _aNew york :
_bHarper,
_c1972.
300 _a269 p. ;
_c cm.
504 _aindex.
650 0 _aecology.
908 _a141124
999 _c4668
_d4668